[Event "Pfalz op-A 11th"]
[Site "Neustadt an der Weinstrasse"]
[Date "2020.02.23"]
[Round "5"]
[White "Dickel, Jens"]
[Black "Fichter, Fabian"]
[Result "0-1"]
[WhiteElo "2070"]
[BlackElo "2263"]
[PlyCount "88"]
[EventDate "2020.02.21"]
[EventType "swiss"]
[EventRounds "9"]
[EventCountry "GER"]
[SourceTitle "CBM 195 Extra"]
[Source "ChessBase"]
[SourceDate "2020.05.31"]
[SourceVersion "1"]
[SourceVersionDate "2020.05.31"]
[SourceQuality "1"]

1. d4 d5 2. c4 e6 3. Nf3 c6 4. Qc2 Bd6 5. g3 Nf6 6. Bg2 0-0 7. 0-0 Nbd7 8. Nbd2 Re8 9. Rd1 Qc7 10. e4 dxe4 11. Nxe4 Nxe4 12. Qxe4 c5 13. b3 Nf6 14. Qc2 cxd4 15. Nxd4 a6 16. Bb2 e5 17. Nf5 Bc5 18. Re1 Ng4 19. Re2 Qb6 20. Rf1 Qf6 21. Be4 Qg5 22. Kg2 Nf6 23. f3 Nxe4 24. fxe4 Bd7 25. Bc1 Qh5 26. h3 Rad8 27. g4 Qg6 28. Be3 Bxe3 29. Rxe3 Bxf5 30. Rxf5 Qc6 31. Qc3 f6 32. g5 Rd4 33. gxf6 gxf6 34. Qe1 Kh8 35. Qh4 Rg8+ 36. Kf3 Rg6 37. Qh5 Qd7 38. Qh4 Rd1 39. Kf2 Qd2+ 40. Re2 Qd4+ 41. Re3 Re1 42. Kxe1 Qxe3+ 43. Kd1 Rg1+ 44. Kc2 Rg2+ 0-1

[Event "Pfalz op-A 11th"]
[Site "Neustadt an der Weinstrasse"]
[Date "2020.02.22"]
[Round "3"]
[White "Dickel, Jens"]
[Black "Lagunow, Raphael"]
[Result "0-1"]
[WhiteElo "2070"]
[BlackElo "2401"]
[PlyCount "52"]
[EventDate "2020.02.21"]
[EventType "swiss"]
[EventRounds "9"]
[EventCountry "GER"]
[SourceTitle "CBM 195 Extra"]
[Source "ChessBase"]
[SourceDate "2020.05.31"]
[SourceVersion "1"]
[SourceVersionDate "2020.05.31"]
[SourceQuality "1"]

1. d4 d5 2. c4 e6 3. Nf3 Nf6 4. g3 dxc4 5. Bg2 Bb4+ 6. Bd2 a5 7. 0-0 0-0 8. Bg5 h6 9. Bxf6 Qxf6 10. a3 Bd6 11. Nc3 c6 12. a4 Bb4 13. Ne4 Qe7 14. Qc2 b5 15. Ne5 Bb7 16. b3 cxb3 17. Qxb3 Rd8 18. e3 c5 19. dxc5 bxa4 20. Rxa4 Bd5 21. Qc2 Na6 22. Raa1 Rac8 23. Rfd1 Nxc5 24. Qb1 Bxe4 25. Rxd8+ Qxd8 26. Bxe4 Bc3 0-1

[Event "Heusenstamm Sparkassen op-A 5th"]
[Site "Heusenstamm"]
[Date "2018.11.23"]
[Round "2"]
[White "Dickel, Jens"]
[Black "Hirneise, Jens"]
[Result "0-1"]
[WhiteElo "2077"]
[BlackElo "2370"]
[PlyCount "86"]
[EventDate "2018.11.22"]
[EventType "swiss"]
[EventRounds "7"]
[EventCountry "GER"]
[SourceTitle "CBM 188 Extra"]
[Source "ChessBase"]
[SourceDate "2019.02.28"]
[SourceVersion "1"]
[SourceVersionDate "2019.02.28"]
[SourceQuality "1"]

1. d4 Nf6 2. c4 g6 3. Nc3 Bg7 4. e4 d6 5. f4 0-0 6. Nf3 c5 7. d5 e6 8. Be2 exd5 9. cxd5 Bg4 10. 0-0 Nbd7 11. a4 Ne8 12. Bd2 Rb8 13. Ng5 Bxe2 14. Qxe2 a6 15. Rae1 c4 16. Qxc4 Qb6+ 17. Be3 Qxb2 18. Nd1 Qf6 19. e5 dxe5 20. fxe5 Qxe5 21. Nf2 h5 22. Nd3 Qc3 23. Rc1 Qxc4 24. Rxc4 Nef6 25. Rb1 Nxd5 26. Ba7 b5 27. axb5 axb5 28. Rc6 Rb7 29. Bf2 Re8 30. Nf3 Bf8 31. Nc5 Nxc5 32. Bxc5 Rc7 33. Rxc7 Nxc7 34. Bb6 Nd5 35. Bd4 b4 36. Kf1 Bg7 37. Rb3 Bxd4 38. Nxd4 Re4 39. Nc2 Rc4 40. Ne1 Rc3 41. Rb1 Kf8 42. Ke2 Ke7 43. Kd2 Rc4 0-1

[Event "Eschborn op"]
[Site "Eschborn"]
[Date "2018.10.07"]
[Round "5"]
[White "Scholz, Michael"]
[Black "Dickel, Jens"]
[Result "0-1"]
[WhiteElo "1863"]
[BlackElo "2044"]
[PlyCount "82"]
[EventDate "2018.10.05"]
[EventType "swiss"]
[EventRounds "5"]
[EventCountry "GER"]
[SourceTitle "CBM 187 Extra"]
[Source "ChessBase"]
[SourceDate "2018.11.04"]
[SourceVersion "1"]
[SourceVersionDate "2018.11.04"]
[SourceQuality "1"]

1. Nf3 d5 2. b4 Bf5 3. Bb2 e6 4. e3 Nf6 5. b5 Bd6 6. c4 0-0 7. Nc3 c6 8. a4 Qe7 9. d4 dxc4 10. Bxc4 cxb5 11. axb5 Bb4 12. 0-0 Rc8 13. Qb3 Nbd7 14. Na2 Bd6 15. Rfc1 a5 16. Nc3 Nb6 17. Bf1 g5 18. Ne2 a4 19. Rxc8+ Rxc8 20. Qa2 Nfd5 21. Rc1 Ra8 22. Bc3 f6 23. Ng3 Bg6 24. Nd2 Nxc3 25. Rxc3 Nd5 26. Rc1 Nb4 27. Qc4 f5 28. e4 Bf4 29. Rd1 Bxd2 30. Nxf5 Bxf5 31. exf5 a3 32. Rxd2 a2 33. Rxa2 Rxa2 34. fxe6 Rc2 35. Qb3 Kg7 36. h3 Qd6 37. Qe3 Qf4 38. Qe1 Nd3 39. g3 Nxe1 40. gxf4 gxf4 41. d5 Kf6 0-1

[Event "Eschborn op"]
[Site "Eschborn"]
[Date "2017.10.15"]
[Round "5"]
[White "Juhnke, Peter"]
[Black "Dickel, Jens"]
[Result "0-1"]
[WhiteElo "1724"]
[BlackElo "2007"]
[PlyCount "76"]
[EventDate "2017.10.13"]
[EventType "swiss"]
[EventRounds "5"]
[EventCountry "GER"]
[SourceTitle "EXT 2019"]
[Source "ChessBase"]
[SourceDate "2018.10.10"]
[SourceVersion "1"]
[SourceVersionDate "2018.10.10"]
[SourceQuality "1"]

1. d4 d5 2. Bf4 Nf6 3. e3 c5 4. c3 Nc6 5. Bd3 Qb6 6. Qc2 c4 7. Be2 g6 8. Nd2 Bf5 9. Qc1 Bg7 10. f3 h5 11. Nh3 e5 12. Bg3 exd4 13. exd4 0-0 14. 0-0 Bh6 15. Bf4 Nxd4 16. cxd4 Qxd4+ 17. Kh1 Bxf4 18. Nxf4 Qxf4 19. g4 Be6 20. Ne4 Qe5 21. Nxf6+ Qxf6 22. gxh5 Kg7 23. Rg1 Rh8 24. f4 b5 25. Qd2 Rad8 26. Bf3 d4 27. hxg6 fxg6 28. Rg5 Bf5 29. Rag1 c3 30. Qg2 Rh6 31. Bg4 Bxg4 32. Rxg4 Rdh8 33. Qb7+ Qf7 34. Qxf7+ Kxf7 35. R1g2 b4 36. f5 d3 37. fxg6+ Kg7 38. Rxb4 Rxh2+ 0-1

[Event "Eschborn op"]
[Site "Eschborn"]
[Date "2017.10.14"]
[Round "1"]
[White "Bastian, Ben"]
[Black "Dickel, Jens"]
[Result "0-1"]
[WhiteElo "1575"]
[BlackElo "2007"]
[PlyCount "64"]
[EventDate "2017.10.13"]
[EventType "swiss"]
[EventRounds "5"]
[EventCountry "GER"]
[SourceTitle "EXT 2019"]
[Source "ChessBase"]
[SourceDate "2018.10.10"]
[SourceVersion "1"]
[SourceVersionDate "2018.10.10"]
[SourceQuality "1"]

1. d4 d5 2. c4 e6 3. Nc3 Be7 4. Nf3 Nf6 5. Bg5 h6 6. Bf4 0-0 7. h3 b6 8. e3 Bb7 9. a3 c5 10. cxd5 Nxd5 11. Nxd5 Bxd5 12. Be2 cxd4 13. Qxd4 Nd7 14. b4 Bxf3 15. Bxf3 Bf6 16. Qd1 Bxa1 17. Qxa1 e5 18. Bxe5 Nxe5 19. Qxe5 Rc8 20. 0-0 Qc7 21. Qf5 g6 22. Qg4 Rfd8 23. Qh4 Kg7 24. Bg4 Rb8 25. f4 f5 26. Bf3 Re8 27. Qf2 Qc3 28. Re1 Rbd8 29. g4 Rd3 30. gxf5 Rdxe3 31. f6+ Kxf6 32. Qh4+ Kg7 0-1

[Event "Eschborn op"]
[Site "Eschborn"]
[Date "2017.10.14"]
[Round "2"]
[White "Dickel, Jens"]
[Black "Deppe, Leo Max"]
[Result "1-0"]
[WhiteElo "2007"]
[BlackElo "1800"]
[PlyCount "27"]
[EventDate "2017.10.13"]
[EventType "swiss"]
[EventRounds "5"]
[EventCountry "GER"]
[SourceTitle "EXT 2019"]
[Source "ChessBase"]
[SourceDate "2018.10.10"]
[SourceVersion "1"]
[SourceVersionDate "2018.10.10"]
[SourceQuality "1"]

1. d4 Nf6 2. Nf3 e6 3. Bf4 b6 4. e3 Bb7 5. Nbd2 Be7 6. h3 0-0 7. Bd3 d5 8. Ne5 c5 9. c3 Nbd7 10. Qf3 h6 11. h4 Nh7 12. Rh3 Nxe5 13. dxe5 Bxh4 14. Qh5 1-0

[Event "Oberliga NRW 0607"]
[Site "Germany"]
[Date "2006.11.26"]
[Round "3.7"]
[White "Dickel, Jens"]
[Black "Werner, Knud"]
[Result "1/2-1/2"]
[WhiteElo "1988"]
[BlackElo "2265"]
[PlyCount "45"]
[EventDate "2006.09.17"]
[EventType "team-tourn"]
[EventRounds "9"]
[EventCountry "GER"]
[SourceTitle "EXT 2008"]
[Source "ChessBase"]
[SourceDate "2007.11.25"]
[SourceVersion "1"]
[SourceVersionDate "2007.11.25"]
[SourceQuality "1"]
[WhiteTeam "Betzdorf Kirchen"]
[BlackTeam "Duisburg"]
[WhiteTeamCountry "GER"]
[BlackTeamCountry "GER"]

1. d4 g6 2. e4 Bg7 3. Nc3 a6 4. Be3 b5 5. Qd2 Bb7 6. f3 d6 7. 0-0-0 Nd7 8. g4 h5 9. gxh5 Rxh5 10. Nce2 c5 11. Ng3 Rh8 12. h4 Ngf6 13. h5 cxd4 14. Bxd4 gxh5 15. Nf5 Bf8 16. Nh3 Qc7 17. Ng5 Rg8 18. Kb1 e6 19. Ng3 Be7 20. Nxh5 Nxh5 21. Rxh5 Bxg5 22. Rxg5 0-0-0 23. Bc3 1/2-1/2

[Event "Karl Mala Memorial op 10th"]
[Site "Griesheim"]
[Date "2006.07.22"]
[Round "4"]
[White "Dickel, Jens"]
[Black "Remy, Jochen"]
[Result "1-0"]
[WhiteElo "2007"]
[BlackElo "2092"]
[PlyCount "29"]
[EventDate "2006.07.20"]
[EventType "swiss"]
[EventRounds "7"]
[EventCountry "GER"]
[SourceTitle "CBM 113 Extra"]
[Source "ChessBase"]
[SourceDate "2006.09.14"]
[SourceVersion "1"]
[SourceVersionDate "2006.09.14"]
[SourceQuality "1"]

1. d4 g6 2. e4 Bg7 3. Nc3 d6 4. Be3 a6 5. Qd2 Nd7 6. h4 h6 7. 0-0-0 b5 8. Kb1 Bb7 9. f3 c5 10. Nh3 cxd4 11. Bxd4 Ngf6 12. g4 Ne5 13. Qf2 Nfd7 14. Be2 Bf6 15. g5 1-0

[Event "NRW Class1 0405"]
[Site "Germany"]
[Date "2005.04.24"]
[Round "9.8"]
[White "Dickel, Jens"]
[Black "Schaffarczyk, Andre"]
[Result "1/2-1/2"]
[WhiteElo "1974"]
[BlackElo "2114"]
[PlyCount "97"]
[EventDate "2004.10.10"]
[EventType "team-tourn"]
[EventRounds "9"]
[EventCountry "GER"]
[SourceTitle "EXT 2006"]
[Source "ChessBase"]
[SourceDate "2005.11.24"]
[SourceVersion "1"]
[SourceVersionDate "2005.11.24"]
[SourceQuality "1"]
[WhiteTeam "Betzdorf Kirchen"]
[BlackTeam "Werther"]
[WhiteTeamCountry "GER"]
[BlackTeamCountry "GER"]

1. d4 f5 2. e4 fxe4 3. Nc3 Nf6 4. Bg5 Nc6 5. d5 Ne5 6. Qd4 Nf7 7. h4 e5 8. dxe6 dxe6 9. Qxd8+ Nxd8 10. 0-0-0 Bd6 11. Bxf6 gxf6 12. Nxe4 Bf4+ 13. Kb1 f5 14. Nd2 Nf7 15. Nc4 Bd7 16. Be2 0-0-0 17. g3 Bc6 18. Nf3 Bh6 19. Rhe1 Bg7 20. Ng5 Nxg5 21. hxg5 e5 22. Ne3 Rhf8 23. Bc4 Rd6 24. Rxd6 cxd6 25. Be6+ Bd7 26. Bxd7+ Kxd7 27. Rh1 Ke6 28. Rxh7 Rh8 29. Rxh8 Bxh8 30. c4 f4 31. gxf4 exf4 32. Nd5 Kf5 33. g6 f3 34. Ne3+ Kxg6 35. Kc2 Kg5 36. b3 Bd4 37. Kd3 Bc5 38. Ke4 Kf6 39. Kxf3 Ke5 40. Nc2 d5 41. cxd5 Kxd5 42. Ke2 b5 43. f3 Ke5 44. Kd3 a6 45. Ne1 Kd5 46. Ng2 Ke5 47. Ne1 Kd5 48. Nc2 Ke5 49. Ke2 1/2-1/2

[Event "Duesseldorf Post op"]
[Site "Duesseldorf"]
[Date "2004.12.27"]
[Round "2"]
[White "Dickel, Jens"]
[Black "Landa, Konstantin"]
[Result "0-1"]
[WhiteElo "1974"]
[BlackElo "2571"]
[PlyCount "42"]
[EventDate "2004.12.26"]
[EventType "swiss"]
[EventRounds "7"]
[EventCountry "GER"]
[SourceTitle "EXT 2006"]
[Source "ChessBase"]
[SourceDate "2005.11.24"]
[SourceVersion "1"]
[SourceVersionDate "2005.11.24"]
[SourceQuality "1"]

1. Nc3 c5 2. d4 cxd4 3. Qxd4 Nc6 4. Qh4 d5 5. e3 Nf6 6. Nf3 e5 7. Bb5 e4 8. Ne5 Qb6 9. 0-0 Be7 10. f4 0-0 11. Nxc6 bxc6 12. Be2 c5 13. b3 Bd7 14. g4 d4 15. Nxe4 Nxe4 16. Qxe7 Bc6 17. Bd3 Rfe8 18. Qh4 c4 19. Bxc4 dxe3 20. Be2 Nc3 21. Qe1 Qd4 0-1